The case of howling house

Bibliographic Details
Main Author: Merdith costain
Format: Book
Published: Australia : Longman , 2003
Series:Rosey's nose
Subjects:

MARC

LEADER 00000cam a2200000 7i4500
001 0000080808
005 20180924.0
008 180924
020 |a 9780733906312 
090 0 0 |a JF   |b ENG 
100 0 |a Merdith costain 
245 1 2 |a The case of howling house   |c Merdith costain 
260 |a Australia :   |b Longman ,   |c 2003 
440 |a Rosey's nose 
500 |a Children ages 7-9 years old (orange) 
650 0 |a Junior fiction   |x English   |x Languages 
999 |a 0000013237   |b Book   |c Children Collection   |e Cawangan Taman Universiti